000 01254cad a22002775a 4500
001 E148913
008 091126e20091126xxkd f s s000 0 eng d
020 _a9780755977499
035 _a(Sirsi) u148913
041 0 _aeng
050 0 4 _a306.1 $2 18
100 1 _aCairns, Pat
245 0 0 _aScottish house condition survey
_bkey findings 2008
_h[electronic resource]
260 _aEdinburgh
_bScottish Government
_c2009
505 2 _aKey indicators of the Scottish housing stock -- Energy efficiency -- Fuel poverty -- Housing quality -- Notes and definitions -- Tables
520 _aThe Scottish House Condition Survey is the only national survey of housing undertaken in Scotland. This is the fifth 'Key Findings' Report to be produced since 2003, when the survey changed to a continuous format. Prior to that date, surveys were conducted in 1991, 1996 and 2002.
650 2 4 _aSCOTTISH HOUSE CONDITION SURVEY
651 4 _aScotland
_y1999-
690 _aResidential property
_96266
700 1 _aCormack, Dave
700 1 _aMacDonald, Eilidh
700 1 _aMate, Ian
700 1 _aMcLaren, David
856 4 0 _uhttps://www.scotland.gov.uk/Publications/2009/11/23090958/0
_zView the item free of charge at www.scotland.gov.uk...
942 _n0
999 _c110282
_d110282